Rock and Roll by Letter D - Statistics

General Stats
  • This quiz has been taken 101 times
  • The average score is 7 of 15
Answer Stats
Hint Answer % Correct
Drummer for this band lost his arm in an auto accident Def Leppard
80%
Band formed by the Knopfler brothers Dire Straits
79%
The Vocalist for this band died at age 27 and is buried in Paris The Doors
78%
His real name is Robert Alan Zimmerman Bob Dylan
74%
The song "Blueberry Hill" made popular by this "Rotund" pianist Fats Domino
70%
Ritchie Blackmore one of the founding members Deep Purple
56%
Last name of the brothers who formed the band the Kinks Davies
55%
Richie Valens wrote this song as a tribute to his highschool sweetheart Donna
53%
Was Frontman for Elf, Black Sabbath and Rainbow Ronnie James Dio
40%
Stones "Let it Bleed" album recorded on this British Record label Decca
35%
One of the earliest styles of Blues music Delta Blues
34%
Shot and killed on stage during performance in Columbus, Ohio Dimebag Darrell
28%
Song written by Jake Holmes, covered by the Yardbirds and reworked by Led Zeppelin Dazed and Confused
26%
Brand of drums played & endorsed by Dave Grohl, Roger Taylor and Sheila E DW Drums
6%
Style of Acoustic guitar ubiquitous in the Rock and Roll genre Dreadnought
4%
No matching quizzes found
Score Distribution
Percent of People with Each Score
Percentile by Number Answered
Your Score History
You have not taken this quiz